000 00412nam a22001817a 4500
003 OSt
008 230511b |||||||| |||| 00| 0 eng d
020 _a9789327263381
082 _a658.80 MAR
100 _aMADAN,Poonam
245 _aRural Marketing
250 _a5th Rev Ed.
260 _aNew Delhi
_bKalyani
_c2022
300 _aMISC
650 _aDecentralization
700 _aNISHA
942 _2ddc
_cREF
999 _c12017
_d12017